| 000 | 00787nam a22002177a 4500 | ||
|---|---|---|---|
| 999 |
_c19774 _d19774 |
||
| 003 | AR-CdUCM | ||
| 008 | 190311b ||||| |||| 00| 0 spa d | ||
| 040 |
_aMUNICIPALIDAD PROVINCIAL DEL CUSCO _cBIBLIOTECA MUNICIPAL DEL CUSCO |
||
| 082 |
_a507.2/ _bT73 |
||
| 100 |
_aTorres Bardales, C. _941349 |
||
| 245 |
_aOrientaciones básicas de : _bMetodología de la investigación científica / |
||
| 260 |
_aLima : _bSan Marcos, |
||
| 300 |
_a375 páginas ; _c25 cm. |
||
| 505 | _aContenido : Modo general de producción general -- Producción material -- Produccion teorica... | ||
| 650 |
_aInvestigación. _91940 |
||
| 650 |
_aMetodología. _92264 |
||
| 650 |
_aMétodos de investigación. _914974 |
||
| 650 |
_aInvestigación científica. _99735 |
||
| 942 |
_2ddc _cLIBROS |
||
| 945 | _arcc | ||